Filosofía y revolución de Hegel a Sartre y de Marx a Mao

Se analizan los fundamentos de la filosofía marxista, muchos de los cuales tienen bases hegelianas. De esta manera, se estudian una serie de pensadores y algunos políticos que dicen inspirar sus ideas en la filosofía marxista. El texto es fundamental dentro de la corriente denominada “marxismo human...

Fuld beskrivelse

Guardado en:
Bibliografiske detaljer
Hovedforfatter: Dunayevskaya, Raya
Format: Bog
Sprog:Undetermined
Udgivet: México, Distrito Federal Siglo Veintiuno 1977
Fag:
Tags: Tilføj Tag
Ingen Tags, Vær først til at tagge denne postø!

MARC

LEADER 00000nam a2200000Ia 4500
008 170316s9999 xx 000 0 und d
040 |a cru BVZT 
090 |a 100 D-36f 
100 |a Dunayevskaya, Raya 
245 |a Filosofía y revolución de Hegel a Sartre y de Marx a Mao 
260 |a México, Distrito Federal 
260 |b Siglo Veintiuno 
260 |c 1977 
300 |a 311 páginas 
520 |a Se analizan los fundamentos de la filosofía marxista, muchos de los cuales tienen bases hegelianas. De esta manera, se estudian una serie de pensadores y algunos políticos que dicen inspirar sus ideas en la filosofía marxista. El texto es fundamental dentro de la corriente denominada “marxismo humanista”, y se compone de diez capítulos que a su vez se agrupan en tres grandes partes. Entre las cuestiones que se desarrollan en estos capítulos se encuentra el problema de La negatividad absoluta como nuevo comienzo, la Ambivalencia filosófica de Lenin, El pensamiento de Mao Tse-tung, El Capitalismo de Estado y Las Revueltas en Europa Oriental o Pasiones y fuerzas nuevas: la dimensión negra, la juventud contra la guerra de vietnam, el movimiento obrero de base, la liberación femenina. 
650 |a FILOSOFÍA  |9 5 
650 |a POLÍTICA  |9 77 
999 |c 16065  |d 16065 
942 |c 15 D  |h 100 D-36f  |2 z